ARRUPE JESUIT UNIVERSITY

CORONAVIRUS -STOP THE SPREAD - CLEAN,DISINFECT,COVER

Why suffering? (Record no. 58934)

MARC details
000 -LEADER
fixed length control field 00534nam a2200217Ia 4500
003 - CONTROL NUMBER IDENTIFIER
control field 0100
008 - FIXED-LENGTH DATA ELEMENTS--GENERAL INFORMATION
fixed length control field 130303s9999 xx 000 0 und d
040 ## - CATALOGING SOURCE
Transcribing agency ARRUPELIB
050 ## - LIBRARY OF CONGRESS CALL NUMBER
Classification number BS1199.S8M27 1997
300 ## - PHYSICAL DESCRIPTION
Other physical details 22 cm.
100 ## - MAIN ENTRY--PERSONAL NAME
Personal name Magnante, Antonio
245 ## - TITLE STATEMENT
Title Why suffering?
245 ## - TITLE STATEMENT
Remainder of title The mestery of suffering in the bible
260 ## - PUBLICATION, DISTRIBUTION, ETC. (IMPRINT)
Place of publication, distribution, etc Nairobi
260 ## - PUBLICATION, DISTRIBUTION, ETC. (IMPRINT)
Name of publisher, distributor, etc Paulines
260 ## - PUBLICATION, DISTRIBUTION, ETC. (IMPRINT)
-- 1997
300 ## - PHYSICAL DESCRIPTION
Extent 143p
650 ## - SUBJECT ADDED ENTRY--TOPICAL TERM
Topical term following geographic name as entry element Bible OT Ruth--Commentaries
650 ## - SUBJECT ADDED ENTRY--TOPICAL TERM
Location of event Bible OT Tobit--Commentaries
942 ## - ADDED ENTRY ELEMENTS (KOHA)
Source of classification or shelving scheme Library of Congress Classification
Koha issues (borrowed), all copies 1
Holdings
Withdrawn status Lost status Source of classification or shelving scheme Damaged status Not for loan Collection code Home library Current library Shelving location Date acquired Total Checkouts Full call number Barcode Date last seen Date checked out Copy number Price effective from Koha item type
    Library of Congress Classification     Main Collection ARRUPE LIBRARY ARRUPE LIBRARY   05/03/2013 1 BS1199.S8M27 1997 46003090629 07/12/2016 24/02/2015 1 05/03/2013 Monograph ( Printed materials)

 

Arrupe Library. PO Box MP320 Mt Pleasant, Harare, Zimbabwe
263 242 745411|librarian@aju.ac.zw